[Event "Bad Wiessee Senioren Cup 8th"]
[Site "Bad Wiessee"]
[Date "2019.05.19"]
[Round "9"]
[White "Ries, Berthold"]
[Black "Suligoj, Alois"]
[Result "1-0"]
[WhiteElo "1874"]
[BlackElo "1779"]
[PlyCount "87"]
[EventDate "2019.05.11"]
[EventType "swiss"]
[EventRounds "9"]
[EventCountry "GER"]
[SourceTitle "EXT 2020"]
[Source "ChessBase"]
[SourceDate "2019.10.17"]
[SourceVersion "1"]
[SourceVersionDate "2019.10.17"]
[SourceQuality "1"]

1. e4 c5 2. Nc3 Nc6 3. Nf3 e6 4. d4 cxd4 5. Nxd4 Bc5 6. Be3 Bb4 7. Nxc6 Bxc3+ 8. bxc3 dxc6 9. Qd4 f6 10. Rd1 Qxd4 11. cxd4 b6 12. Be2 Ne7 13. c4 Bb7 14. 0-0 Kf7 15. Rd2 Rhd8 16. Rfd1 e5 17. d5 cxd5 18. cxd5 Rd6 19. Rc2 Rc8 20. Rdc1 Rxc2 21. Rxc2 Ke8 22. f4 Kd8 23. a4 Rd7 24. fxe5 fxe5 25. Bg5 Rd6 26. Bg4 Ba6 27. Bxe7+ Kxe7 28. Rc7+ Kf6 29. Rxa7 Bd3 30. Bf3 b5 31. axb5 Bxb5 32. Rb7 Bd7 33. h4 g5 34. hxg5+ Kxg5 35. Kf2 h5 36. Rb8 h4 37. Rd8 Kf4 38. Rh8 Kg5 39. Rh5+ Kg6 40. Rxh4 Ra6 41. Rh5 Ra2+ 42. Kg3 Kf6 43. Rh6+ Ke7 44. Kh4 1-0

[Event "Bad Wiessee Senioren Cup 8th"]
[Site "Bad Wiessee"]
[Date "2019.05.16"]
[Round "6"]
[White "Gulinelli, Euro"]
[Black "Suligoj, Alois"]
[Result "1/2-1/2"]
[WhiteElo "1624"]
[BlackElo "1779"]
[PlyCount "61"]
[EventDate "2019.05.11"]
[EventType "swiss"]
[EventRounds "9"]
[EventCountry "GER"]
[SourceTitle "EXT 2020"]
[Source "ChessBase"]
[SourceDate "2019.10.17"]
[SourceVersion "1"]
[SourceVersionDate "2019.10.17"]
[SourceQuality "1"]

1. Nf3 d5 2. d4 e6 3. g3 e5 4. c3 a6 5. Bg2 exd4 6. cxd4 Bb4+ 7. Nbd2 Nf6 8. 0-0 0-0 9. a3 Bxd2 10. Bxd2 Ne4 11. Be3 Bd7 12. Rc1 Nc6 13. b4 f5 14. Nd2 Ne7 15. Nxe4 dxe4 16. Bg5 h6 17. Bxe7 Qxe7 18. Rxc7 Qd6 19. Rc1 Bc6 20. Qd2 a5 21. bxa5 Qxa3 22. Ra1 Qd6 23. e3 Ra6 24. Rfb1 Rfa8 25. Bf1 R6a7 26. Rb6 Qd5 27. a6 bxa6 28. Raxa6 Rxa6 29. Rxa6 Rxa6 30. Bxa6 Qd6 31. Bc4+ 1/2-1/2